Statistics for Countries by GDP

Click here to take the quiz!

General Stats

  • This quiz has been taken 25 times
  • The average score is 15 of 15

Answer Stats

GDP (US$)Country% Correct
19.39 TrillionUnited States
100%
12.01 TrillionChina
100%
4.87 TrillionJapan
100%
3.68 TrillionGermany
100%
2.62 TrillionUnited Kingdom
100%
2.61 TrillionIndia
100%
2.58 TrillionFrance
100%
1.94 TrillionItaly
100%
1.65 TrillionCanada
100%
1.53 TrillionRussia
100%
1.31 TrillionSpain
100%
1.15 TrillionMexico
100%
2.05 TrillionBrazil
96%
1.38 TrillionAustralia
91%
1.54 TrillionSouth Korea
87%

Score Distribution

Percentile by Number Answered

Percent of People with Each Score

Your Score History

You have not taken this quiz